[Event "Turkey IS Bank Super League 2017"]
[Site "Darica-Kocaeli"]
[Date "2017.08.05"]
[Round "12"]
[White "Osmak, Iulija"]
[Black "Ushenina, Anna"]
[Result "1/2-1/2"]
[WhiteElo "2353"]
[BlackElo "2458"]
[Annotator "TA"]
[PlyCount "114"]
[EventType "team-tourn"]
[EventCountry "TUR"]
[SourceTitle "playchess.com"]
[Source "ChessBase"]
[SourceQuality "1"]

{[%evp 14,114,12,5,17,12,82,80,90,85,98,87,91,93,91,97,94,97,108,64,66,70,62,35,125,57,131,117,177,173,175,175,158,152,143,140,175,184,226,131,120,0,52,36,42,37,44,41,49,40,25,35,75,57,59,54,59,50,65,21,14,0,8,0,26,44,22,7,54,62,162,167,170,162,285,235,233,231,199,171,171,170,162,152,114,26,20,0,120,0,39,22,127,108,91,113,406,50,66,69,62,0,43]} 1. d4 Nf6 2. Bf4 g6 3. e3 Bg7 4. Nf3 O-O 5. Be2 c5 6. O-O d6 7. h3 cxd4 8. exd4 {LiveBook: 11 Games} Nd5 {A48: 1 d4 Nf6 2 Nf3 g6: Torre, London and Colle Systems} (8... Qb6 9. Nbd2 Nd5 10. Nc4 Qc7 11. Bh2 Bh6 12. Re1 Nc6 13. c3 b5 14. Na3 a6 15. Nc2 Na5 16. Nd2 {0-1 (41) Dilmukhametov,A (2347)-Smirin,I (2685) St Petersburg 2016}) 9. Bg3 $146 ({Predecessor:} 9. Bc1 e5 10. c4 Ne7 11. Nc3 h6 12. Be3 Nf5 13. dxe5 Nxe3 14. fxe3 dxe5 15. Qxd8 Rxd8 16. Rad1 Rxd1 17. Rxd1 {0-1 (55) Kamberovic,S (2259)-Burovic,I (2374) Sarajevo 2014}) 9... Bh6 (9... Qb6 $11 {remains equal.}) 10. Re1 Nd7 {White is better.} 11. c4 Nf4 12. Bf1 Nf6 13. Nc3 Bd7 14. Bh4 Bg7 15. Qd2 Ne6 16. Nd5 Re8 17. Nxf6+ exf6 18. b4 {[%cal Bb2b4,Bb4b5][%mdl 32]} (18. d5 $5 {[%cal Rd5e6]} Nc5 19. Rxe8+ Bxe8 20. b4 $14) 18... Qc7 (18... h6 $14) 19. Bg3 (19. d5 $16) 19... a5 (19... Bf8 $14) 20. c5 $1 $16 Bf8 (20... axb4 $16 21. Bxd6 Qa5) 21. b5 $1 $18 Ng7 22. Rec1 Bf5 {[%cal Bd7f5,Bf5e4,Be4d5][%mdl 32]} 23. d5 Be4 24. Ne1 Nf5 25. Bf4 {And now f3 would win.} Re5 26. Bxe5 (26. f3 $1 $18) 26... fxe5 $16 27. Rd1 (27. b6 $16 Qe7 28. c6) 27... Nd4 (27... Qxc5 $6 28. Rac1 $16) ({Black should try} 27... dxc5 $11 28. Qe2 Nd6) 28. c6 Bxd5 29. Nc2 bxc6 30. Nxd4 exd4 31. bxc6 Qxc6 32. Rac1 Qb7 33. Rb1 {[%mdl 1024] White has strong compensation.} Qa7 34. a4 ({Much weaker is} 34. Qxd4 Bxa2 35. Qxa7 Rxa7 $15) 34... Bg7 35. Rdc1 Be5 36. Rb5 Be6 37. Rcb1 Kg7 38. Bd3 $36 {[%mdl 2048] White is more active.} Qe7 39. f4 Bf6 40. Rxa5 (40. g4 $5 {[%cal Rg4g5]} h6 41. Qe2 $11 (41. Rxa5 Rxa5 42. Qxa5 Ba2 $11)) 40... Rxa5 41. Qxa5 Bxh3 ({Black should play} 41... Bb3 $14 42. Qe1 (42. Rxb3 Qe3+ 43. Kh2 Qxf4+ 44. g3 Qf2+ 45. Kh1 Qf3+ 46. Kh2 Qf2+ 47. Kh1 Qf3+ 48. Kh2 Qf2+ $11) 42... Qxe1+ 43. Rxe1 Bxa4) 42. Qd2 Bg4 43. a5 {[%cal Ba4a5,Ba5a6][%mdl 32] a6 is the strong threat.} Bh4 (43... Be6 {was necessary.} 44. a6 Bd5) 44. Kh2 Be6 45. g3 Bf6 46. Qg2 {Black must now prevent a6.} Qc7 47. a6 $1 {Hoping for Ra1.} Qa5 48. Qe2 $1 Bd7 49. Bb5 (49. Rb7 $16 Bc6 50. Bc4) 49... Bf5 $11 50. Bd3 (50. Rg1 $11) 50... Bd7 $1 $16 51. Qg2 (51. Rb7 $16 Bc6 52. Bc4) 51... Be6 $1 $14 52. g4 {[%cal Bg3g4,Bg4g5][%mdl 32] Strongly threatening Rb7.} h5 {[#]} (52... h6 $1 $11 {keeps the balance.}) 53. g5 $1 $16 {[%cal Rg5f6]} Bd8 54. Qb2 Bb6 $2 {[%mdl 8192] [#]} (54... Bxg5 $16 55. Rf1 (55. fxg5 Qe5+ 56. Kg2 Qxg5+ 57. Kf1 Qe3 $11) 55... Bh6) 55. Ra1 $2 (55. Qb4 $1 $18 {[%cal Rb4a5]} Qxb4 56. Rxb4) 55... Qc5 $1 $14 56. Rc1 Qa5 57. Ra1 Qc5 $1 {Precision: White = 50%, Black = 42%.} 1/2-1/2

[Event "Turkey IS Bank Super League 2017"]
[Site "Darica-Kocaeli"]
[Date "2017.08.05"]
[Round "12"]
[White "Yurtseven, Melih"]
[Black "Sanal, Vahap"]
[Result "0-1"]
[WhiteElo "2353"]
[BlackElo "2533"]
[Annotator "TA"]
[PlyCount "90"]
[EventType "team-tourn"]
[EventCountry "TUR"]
[SourceTitle "playchess.com"]
[Source "ChessBase"]
[SourceQuality "1"]

{[%evp 18,90,-23,-35,-38,-42,-36,-41,-35,-31,-36,-53,-23,-74,-62,-85,-71,-82,-87,-114,-93,-87,-90,-114,-101,-108,-66,-54,-41,-48,-50,-58,-33,-124,-105,-125,-115,-137,-135,-121,-130,-112,-117,-102,-110,-108,0,0,0,0,0,0,0,0,0,0,0,0,0,0,0,0,0,0,0,0,0,0,0,-725,-717,-1138,-953,-29990,-29991]} 1. Nf3 Nf6 2. g3 b6 3. Bg2 Bb7 4. O-O e6 5. d3 d5 6. Nbd2 c5 7. e4 Nc6 8. Re1 Be7 9. e5 Nd7 10. Nf1 {LiveBook: 46 Games} b5 {C00: French: Unusual White 2nd moves} 11. h4 Qb6 $146 ({Predecessor:} 11... Qc7 12. Bf4 Nb6 13. c3 c4 14. d4 b4 15. Bg5 a5 16. Bxe7 Qxe7 17. Ne3 a4 18. a3 bxc3 19. bxc3 {½-½ (57) Ibragimov,I (2590)-Tiviakov,S (2640) New York 1998}) 12. Bf4 a5 {Black is slightly better.} 13. c3 a4 14. N1d2 O-O 15. h5 (15. a3 $11) 15... h6 16. Rc1 Rfc8 17. g4 Qd8 18. Nf1 b4 19. c4 Nb6 20. N1d2 Ra7 21. Be3 Nd7 22. cxd5 exd5 23. d4 {[%cal Rd4c5]} Nf8 24. Nf1 Ne6 25. Ng3 ({White should try} 25. dxc5 $15 d4 26. Bd2) 25... a3 $17 26. b3 cxd4 27. Nxd4 Ncxd4 (27... Nexd4 $6 28. Bxd4 Nxd4 29. Qxd4 $11) 28. Rxc8 Bxc8 ({Much weaker is} 28... Qxc8 29. Bxd4 Bc5 30. Nf5 $11) 29. Bxd4 Nxd4 30. Qxd4 {[#]} Rc7 $1 31. Nf5 {[#]} Bc5 ({Reject} 31... Bxf5 $6 32. gxf5 Qc8 33. f6 $11) (31... Be6 $1 $17 {Threatens to win with ...Rc2.} 32. Qd2 Qd7 33. Nxe7+ Qxe7) 32. Qxd5 $11 Qg5 33. e6 Bxe6 34. Rxe6 fxe6 35. Qxe6+ Kf8 $1 {Hoping for ...Bxf2+!} 36. Qd5 {Intending Qa8+ and mate.} Rc8 37. Bf3 $1 Qd8 38. Qe6 $40 {[%mdl 128] Black must now prevent Bd5. Black needs to defend precisely.} Qe8 39. Qd5 $1 Qe1+ 40. Kh2 Qxf2+ 41. Kh3 Qf1+ 42. Bg2 Qf4 43. Bf3 $2 {[%mdl 8192] [#]} ({Don't go for} 43. Qd7 $2 Qc7 $19) (43. Nh4 $11 Qf7 44. Ng6+ Ke8 45. Qe4+ Be7 46. Bf3) 43... Bd6 $1 $19 {[%csl Gd6][%cal Rf4h2][%mdl 512]} 44. g5 (44. Qxd6+ Qxd6) 44... Rc3 45. Qa8+ Bb8 {Precision: White = 51%, Black = 72%.} 0-1

[Event "Turkey IS Bank Super League 2017"]
[Site "Darica-Kocaeli"]
[Date "2017.08.05"]
[Round "12"]
[White "Ozen, Deniz"]
[Black "Ererdem, Gani Eren"]
[Result "1-0"]
[WhiteElo "2351"]
[BlackElo "2090"]
[Annotator "ChessBase"]
[PlyCount "115"]
[EventType "team-tourn"]
[EventCountry "TUR"]
[SourceTitle "playchess.com"]
[Source "ChessBase"]
[SourceQuality "1"]
[TimeControl "40/5400+30:1800+30"]

1. e4 {[%emt 0:00:30]} c5 {[%emt 0:01:00]} 2. Nf3 {[%emt 0:00:30]} d6 {[%emt 0:00:30]} 3. Bb5+ {[%emt 0:00:30]} Nd7 {[%emt 0:00:30]} 4. O-O {[%emt 0:00:30]} a6 {[%emt 0:00:00]} 5. Bd3 {[%emt 0:00:00]} Ngf6 {[%emt 0:00:00]} 6. c3 {[%emt 0:00:00]} b5 {[%emt 0:00:30]} 7. Bc2 {[%emt 0:00:30]} Bb7 {[%emt 0:00:30]} 8. Re1 {[%emt 0:00:00]} Rc8 {[%emt 0:00:00]} 9. d3 {[%emt 0:08:00]} e5 {[%emt 0:00:00]} 10. Nbd2 {[%emt 0:00:30]} Be7 {[%emt 0:00:30]} 11. Nf1 {[%emt 0:00:30]} O-O {[%emt 0:00:30]} 12. Ng3 {[%emt 0:00:30]} Re8 {[%emt 0:00:00]} 13. Nf5 {[%emt 0:00:30]} Bf8 {[%emt 0:00:00]} 14. Bg5 {[%emt 0:00:30]} h6 {[%emt 0:09:30]} 15. Bh4 {[%emt 0:08:30]} Qc7 {[%emt 0:09:30]} 16. Rc1 {[%emt 0:05:30]} g6 {[%emt 0:15:30]} 17. Ne3 {[%emt 0:00:30]} Bg7 {[%emt 0:00:30]} 18. Bb3 {[%emt 0:03:30]} Nb6 {[%emt 0:05:30]} 19. a4 {[%emt 0:10:30] [%clk 0:58]} bxa4 {[%emt 0:18:30]} 20. Bxa4 {[%emt 0:02:30]} Nxa4 {[%emt 0:00:30]} 21. Qxa4 {[%emt 0:00:30]} Nd7 {[%emt 0:00:30]} 22. Qc2 {[%emt 0:01:30]} Nb6 {[%emt 0:10:30]} 23. Qd2 {[%emt 0:02:30]} Re6 {[%emt 0:04:30]} 24. c4 {[%emt 0:07:30]} f5 {[%emt 0:11:19]} 25. exf5 {[%emt 0:02:30]} gxf5 {[%emt 0:00:06]} 26. Nxf5 {[%emt 0:00:30]} Rf8 {[%emt 0:00:45]} 27. Nxg7 {[%emt 0:01:30]} Qxg7 {[%emt 0:01:09]} 28. Bg3 {[%emt 0:00:00]} Bxf3 {[%emt 0:07:10]} 29. gxf3 {[%emt 0:00:00]} Nd7 {[%emt 0:02:12]} 30. Ra1 {[%emt 0:07:30]} Nb8 {[%emt 0:02:00]} 31. f4 {[%emt 0:01:30]} Rxf4 {[%emt 0:01:28]} 32. Re4 {[%emt 0:02:30]} Rxe4 {[%emt 0:00:47]} 33. dxe4 {[%emt 0:01:30]} Qf7 {[%emt 0:00:31]} 34. Qd5 {[%emt 0:01:30]} Kh7 {[%emt 0:00:21]} 35. Ra3 {[%emt 0:00:30]} Rf6 {[%emt 0:00:40]} 36. Rb3 {[%emt 0:01:30]} Qxd5 {[%emt 0:00:12]} 37. exd5 {[%emt 0:00:00]} Nd7 {[%emt 0:00:46]} 38. Rb7 {[%emt 0:00:00]} Rf7 {[%emt 0:00:00]} 39. Ra7 {[%emt 0:00:30]} Kg7 {[%emt 0:00:49]} 40. Rxa6 {[%emt 0:00:30]} Rf6 {[%emt 0:00:15]} 41. Bh4 {[%emt 0:00:30]} Rg6+ {[%emt 0:06:30]} 42. Kf1 {[%emt 0:03:30]} Kf7 {[%emt 0:00:00]} 43. Ra7 {[%emt 0:00:00]} Ke8 {[%emt 0:00:00]} 44. Ra8+ {[%emt 0:00:00]} Kf7 {[%emt 0:00:30]} 45. Rd8 {[%emt 0:00:30]} Nf8 {[%emt 0:00:30]} 46. b3 {[%emt 0:01:30]} Rg4 {[%emt 0:00:30]} 47. Bg3 {[%emt 0:00:30]} Ke7 {[%emt 0:00:00]} 48. Rb8 {[%emt 0:00:30]} h5 {[%emt 0:03:00]} 49. f3 {[%emt 0:00:30]} Rd4 {[%emt 0:00:30]} 50. Ke2 {[%emt 0:00:30]} Ng6 {[%emt 0:00:30]} 51. Rb7+ {[%emt 0:00:30]} Kf6 {[%emt 0:05:04]} 52. Rd7 {[%emt 0:02:30]} h4 {[%emt 0:00:30]} 53. Rxd6+ {[%emt 0:00:30]} Kf5 {[%emt 0:05:32]} 54. Rxg6 {[%emt 0:00:30]} hxg3 {[%emt 0:01:17]} 55. Rxg3 {[%emt 0:00:30]} Rh4 {[%emt 0:00:00]} 56. Rg2 {[%emt 0:00:30]} Rh3 {[%emt 0:01:12]} 57. Ke3 {[%emt 0:00:30]} Rh8 {[%emt 0:00:30]} 58. Rd2 {[%emt 0:00:30]} 1-0

[Event "Turkey IS Bank Super League 2017"]
[Site "Darica-Kocaeli"]
[Date "2017.08.05"]
[Round "12"]
[White "Unuk, Laura"]
[Black "Karavade, Eesha"]
[Result "0-1"]
[WhiteElo "2343"]
[BlackElo "2397"]
[Annotator "NA"]
[PlyCount "66"]
[EventType "team-tourn"]
[EventCountry "TUR"]
[SourceTitle "playchess.com"]
[Source "ChessBase"]
[SourceQuality "1"]
[TimeControl "40/5400+30:1800+30"]

1. d4 {[%emt 0:00:30]} d5 {[%emt 0:02:00]} 2. c4 {[%emt 0:00:30]} c6 {[%emt 0:00:00]} 3. e3 {[%emt 0:00:30]} Nf6 {[%emt 0:00:00]} 4. Nc3 {[%emt 0:00:30]} e6 {[%emt 0:00:30]} 5. Nf3 {[%emt 0:00:30]} Nbd7 {[%emt 0:00:30]} 6. Bd3 {[%emt 0:01:30]} dxc4 {[%emt 0:00:30]} 7. Bxc4 {[%emt 0:00:30]} b5 {[%emt 0:00:30]} 8. Bd3 {[%emt 0:02:30]} Bb7 {[%emt 0:02:30]} 9. O-O {[%emt 0:00:30]} a6 {[%emt 0:00:30]} 10. a4 {[%emt 0:01:30]} b4 {[%emt 0:04:30]} 11. Nb1 {[%emt 0:00:30]} c5 {[%emt 0:01:30]} 12. Nbd2 {[%emt 0:01:30]} Be7 {[%emt 0:02:30]} 13. e4 {[%emt 0:15:30] D48: Semi-Slav: Meran System: 7...b5 8 Bd3 a6} (13. Re1 O-O 14. Qe2 a5 15. e4 cxd4 16. e5 Nd5 17. Nb3 Rc8 18. h4 Re8 19. Qe4 Nf8 20. Nbxd4 Ra8 21. Nb3 Rc8 22. Nbd4 Ba8 23. Qg4 f5 24. exf6 Nxf6 {½-½ (24) Peralta,F (2565)-Korneev,O (2594) La Roda 2017}) 13... cxd4 {[%emt 0:07:30]} 14. e5 $1 {[%emt 0:00:30]} Nd5 {[%emt 0:01:30]} 15. Ne4 $146 {[%emt 0:06:30]} (15. Re1 $11 {keeps the balance.}) ({Predecessor:} 15. Nc4 Nc5 16. Bb1 d3 17. Ne1 Qc7 18. Nxd3 O-O 19. Nxc5 Qxc5 20. Qg4 Rfc8 {½-½ (41) Deak,F (2210)-Forgo,E (2295) Hungary 1998}) 15... Qb8 {[%emt 0:05:30]} 16. Bg5 {[%emt 0:16:30]} Nxe5 {[%emt 0:19:30] [%clk 0:49]} 17. Nxe5 {[%emt 0:04:30]} Qxe5 {[%emt 0:00:30]} 18. f4 {[%emt 0:00:30]} Qb8 {[%emt 0:00:30]} 19. f5 {[%emt 0:02:30]} exf5 {[%emt 0:07:30]} 20. Rxf5 {[%emt 0:03:30] [#]} Ne3 {[%emt 0:06:30]} ({Better is} 20... g6 $1 $17 {[%cal Rg6f5]} 21. Rf2 Bxg5 22. Nxg5 Ne3 23. Bb5+ axb5 24. Qxd4 O-O 25. Qxe3 bxa4 26. Nxf7 Qe8 27. Qxe8 Rfxe8) 21. Bxe3 {[%emt 0:10:30]} dxe3 {[%emt 0:00:00]} 22. Qb3 {[%emt 0:02:30]} O-O {[%emt 0:03:00]} 23. Rxf7 {[%emt 0:02:30]} Rxf7 {[%emt 0:01:30]} 24. Rf1 {[%emt 0:01:30]} Kh8 {[%emt 0:03:30]} 25. Rxf7 $19 {[%emt 0:07:33]} Qe5 {[%emt 0:02:30]} 26. Ng3 {[%emt 0:12:14]} Bc5 {[%emt 0:05:30]} 27. Kf1 {[%emt 0:03:57]} Bd5 {[%emt 0:00:30]} 28. Bc4 {[%emt 0:00:03]} Bxf7 {[%emt 0:00:30]} 29. Bxf7 {[%emt 0:00:04]} Qf4+ {[%emt 0:00:30]} 30. Ke2 {[%emt 0:00:10]} Qf2+ {[%emt 0:01:30]} 31. Kd3 {[%emt 0:00:30]} Rd8+ {[%emt 0:00:00]} 32. Bd5 {[%emt 0:00:11]} Qd2+ {[%emt 0:00:00]} 33. Ke4 {[%emt 0:00:52]} Qd4+ {[%emt 0:00:30]} 0-1

[Event "Turkey IS Bank Super League 2017"]
[Site "Darica-Kocaeli"]
[Date "2017.08.05"]
[Round "12"]
[White "Secer, Ata"]
[Black "Apaydin, Fethi"]
[Result "1/2-1/2"]
[WhiteElo "2301"]
[BlackElo "2277"]
[Annotator "ChessBase"]
[PlyCount "167"]
[EventType "team-tourn"]
[EventCountry "TUR"]
[SourceTitle "playchess.com"]
[Source "ChessBase"]
[SourceQuality "1"]
[TimeControl "40/5400+30:1800+30"]

1. e4 {[%emt 0:00:30]} c5 {[%emt 0:01:00]} 2. Nf3 {[%emt 0:00:30]} Nc6 {[%emt 0:00:30]} 3. Bb5 {[%emt 0:00:30]} e6 {[%emt 0:00:00]} 4. O-O {[%emt 0:00:30]} Nge7 {[%emt 0:00:00]} 5. Re1 {[%emt 0:02:30]} Nd4 {[%emt 0:01:30]} 6. Nxd4 {[%emt 0:03:30]} cxd4 {[%emt 0:00:00]} 7. c3 {[%emt 0:00:30]} a6 {[%emt 0:05:00]} 8. Bf1 {[%emt 0:00:30]} Nc6 {[%emt 0:00:00]} 9. d3 {[%emt 0:05:30]} Bc5 {[%emt 0:07:00]} 10. cxd4 {[%emt 0:06:30]} Nxd4 {[%emt 0:01:30]} 11. Nc3 {[%emt 0:00:30]} O-O {[%emt 0:03:30]} 12. Be3 {[%emt 0:04:30]} e5 {[%emt 0:04:30]} 13. Rc1 {[%emt 0:01:30]} d6 {[%emt 0:01:30]} 14. Kh1 {[%emt 0:15:30]} Be6 {[%emt 0:15:30]} 15. g3 {[%emt 0:08:30]} b5 {[%emt 0:04:30]} 16. Bg2 {[%emt 0:01:30] [%clk 0:45]} b4 {[%emt 0:22:30]} 17. Ne2 {[%emt 0:04:30]} Nxe2 {[%emt 0:04:30]} 18. Qxe2 {[%emt 0:13:30]} Bxe3 {[%emt 0:02:30]} 19. Qxe3 {[%emt 0:00:30]} Bxa2 {[%emt 0:00:30]} 20. Rc6 {[%emt 0:01:30]} a5 {[%emt 0:03:30]} 21. Ra1 {[%emt 0:03:30]} b3 {[%emt 0:00:30]} 22. Qd2 {[%emt 0:01:30]} Qb8 {[%emt 0:01:30]} 23. Rac1 {[%emt 0:05:11]} a4 {[%emt 0:01:00]} 24. Bh3 {[%emt 0:00:34]} a3 {[%emt 0:06:29]} 25. Kg2 {[%emt 0:00:27]} axb2 {[%emt 0:01:22]} 26. Qxb2 {[%emt 0:00:30]} Qb4 {[%emt 0:00:00]} 27. R1c4 {[%emt 0:02:50]} Qa3 {[%emt 0:07:12]} 28. Qxa3 {[%emt 0:00:44]} Rxa3 {[%emt 0:00:30]} 29. Rb4 {[%emt 0:00:00]} Rd8 {[%emt 0:04:53]} 30. Rxd6 {[%emt 0:03:44]} Raa8 {[%emt 0:00:52]} 31. Rxd8+ {[%emt 0:00:30]} Rxd8 {[%emt 0:00:00]} 32. Bd7 {[%emt 0:00:00]} Kf8 {[%emt 0:01:56]} 33. Bc6 {[%emt 0:00:09]} Rxd3 {[%emt 0:00:23]} 34. Bd5 {[%emt 0:04:38]} f6 {[%emt 0:00:00]} 35. Rb7 {[%emt 0:09:24]} Rd4 {[%emt 0:00:00]} 36. Rb8+ {[%emt 0:00:11]} Ke7 {[%emt 0:00:00]} 37. Rb7+ {[%emt 0:00:30]} Kd6 {[%emt 0:00:01]} 38. Bxb3 {[%emt 0:00:52]} Kc6 {[%emt 0:00:00]} 39. Rb8 {[%emt 0:00:00]} Kc7 {[%emt 0:00:00]} 40. Rb5 {[%emt 0:00:00]} Bxb3 {[%emt 0:00:22]} 41. Rxb3 {[%emt 0:02:16]} Rxe4 {[%emt 0:00:30]} 42. h4 {[%emt 0:01:30]} Rd4 {[%emt 0:04:30]} 43. Ra3 {[%emt 0:00:30]} Rd7 {[%emt 0:00:30]} 44. Ra6 {[%emt 0:00:30]} Kd8 {[%emt 0:00:30]} 45. Kf3 {[%emt 0:00:00]} Ke7 {[%emt 0:00:30]} 46. Ke3 {[%emt 0:00:00]} Kf7 {[%emt 0:00:30]} 47. Rb6 {[%emt 0:00:30]} Kg6 {[%emt 0:00:30]} 48. Kf3 {[%emt 0:00:30]} Kf5 {[%emt 0:00:00]} 49. Rb5 {[%emt 0:00:30]} Rd3+ {[%emt 0:00:00]} 50. Kg2 {[%emt 0:00:30]} h6 {[%emt 0:00:30]} 51. Rb7 {[%emt 0:01:30]} g6 {[%emt 0:00:30]} 52. Rb6 {[%emt 0:03:30]} Rd2 {[%emt 0:00:30]} 53. Ra6 {[%emt 0:01:30]} e4 {[%emt 0:00:30]} 54. Kf1 {[%emt 0:00:30]} g5 {[%emt 0:04:30]} 55. hxg5 {[%emt 0:00:30]} hxg5 {[%emt 0:00:30]} 56. Kg1 {[%emt 0:03:30]} Ke5 {[%emt 0:00:30]} 57. Rb6 {[%emt 0:00:30]} Rd6 {[%emt 0:00:30]} 58. Rb8 {[%emt 0:00:00]} Kf5 {[%emt 0:00:00]} 59. Rb4 {[%emt 0:00:00]} Re6 {[%emt 0:00:00]} 60. Kg2 {[%emt 0:00:30]} Re5 {[%emt 0:00:30]} 61. Rb6 {[%emt 0:01:30]} Re6 {[%emt 0:01:30]} 62. Rb5+ {[%emt 0:00:30]} Re5 {[%emt 0:00:30]} 63. Rb6 {[%emt 0:00:30]} Ra5 {[%emt 0:00:30]} 64. Rc6 {[%emt 0:00:30]} Ke5 {[%emt 0:00:00]} 65. Rb6 {[%emt 0:01:30]} Rd5 {[%emt 0:00:00]} 66. Ra6 {[%emt 0:00:30]} Rd6 {[%emt 0:01:30]} 67. Ra5+ {[%emt 0:01:30]} Ke6 {[%emt 0:00:30]} 68. Ra8 {[%emt 0:00:30]} Kf7 {[%emt 0:03:30]} 69. Kf1 {[%emt 0:00:52]} Rb6 {[%emt 0:01:30]} 70. Ra4 {[%emt 0:00:09]} Re6 {[%emt 0:00:30]} 71. Ke2 {[%emt 0:00:30]} f5 {[%emt 0:04:39]} 72. Ke3 {[%emt 0:02:06]} Kf6 {[%emt 0:00:57]} 73. f3 {[%emt 0:00:12]} exf3+ {[%emt 0:00:30]} 74. Kxf3 {[%emt 0:00:02]} Rb6 {[%emt 0:02:13]} 75. Ra5 {[%emt 0:01:49]} Rb3+ {[%emt 0:00:05]} 76. Kf2 {[%emt 0:00:03]} Rb2+ {[%emt 0:01:33]} 77. Kg1 {[%emt 0:00:30]} Rd2 {[%emt 0:00:30]} 78. Ra8 {[%emt 0:00:30]} Ke5 {[%emt 0:00:55]} 79. Rg8 {[%emt 0:00:16]} g4 {[%emt 0:00:30]} 80. Rf8 {[%emt 0:00:55]} Ke4 {[%emt 0:00:30]} 81. Rf7 {[%emt 0:08:46]} Kf3 {[%emt 0:00:00]} 82. Rxf5+ {[%emt 0:00:30]} Kxg3 {[%emt 0:00:13]} 83. Rf1 {[%emt 0:02:44]} Kh3 {[%emt 0:00:15]} 84. Ra1 {[%emt 0:01:21]} 1/2-1/2

[Event "Turkey IS Bank Super League 2017"]
[Site "Darica-Kocaeli"]
[Date "2017.08.05"]
[Round "12"]
[White "Ozturk, Kubra"]
[Black "Batsiashvili, Nino"]
[Result "1/2-1/2"]
[WhiteElo "2298"]
[BlackElo "2475"]
[Annotator "TA"]
[PlyCount "152"]
[EventType "team-tourn"]
[EventCountry "TUR"]
[SourceTitle "playchess.com"]
[Source "ChessBase"]
[SourceQuality "1"]

{[%evp 14,151,0,0,11,2,21,7,18,6,0,-27,0,-19,-29,-51,-30,-65,-50,-100,-104,-139,-49,-46,-53,-45,0,0,0,13,0,0,11,-55,-21,-53,-53,-43,-32,-42,15,14,26,23,188,189,170,68,95,62,64,55,54,50,52,56,45,0,0,0,0,0,0,0,0,0,0,-8,-8,-39,-39,-39,-43,-52,-29,-31,-38,-33,-10,-46,-46,-46,-46,-46,-46,-46,-46,-46,-46,-46,-46,-46,-46,-46,-39,-46,-46,-46,-46,-46,-46,-46,-46,-46,-46,-46,-46,-46,-38,-46,-46,-46,-46,-46,-46,-46,0,-34,-8,-8,-8,-14,-8,-14,-8,-14,-14,-287,-287,-287,-287,-287,-287,-287,-286,-286,-287,-287,-287,-287]} 1. d4 Nf6 2. c4 e6 3. g3 Bb4+ 4. Bd2 Be7 5. Bg2 d5 6. Nf3 O-O 7. Qc2 c6 8. O-O a5 {E11: Bogo-Indian} (8... Nbd7 9. Rd1 Ne4 10. Bf4 g5 11. Be3 f5 12. Nc3 Nd6 13. b3 Bf6 14. Qc1 h6 15. h4 Nf7 16. hxg5 hxg5 17. Na4 Qe7 {1-0 (36) Giri,A (2771)-Carlsen,M (2832) Leuven 2017}) 9. b3 b6 10. Rd1 Ba6 {The position is equal.} 11. Bf4 Nbd7 12. Nc3 Rc8 13. e4 dxc4 {[#]} 14. Rac1 $146 ({Find the theoretical novelty and annotate with similar games:} 14. Qe2 Bb4 15. Rac1 Ba3 16. Rb1 Bb4 17. Rbc1 Ba3 18. Rb1 Bb4 {½-½ (18) Sevian,S (2633)-Sarana,A (2510) Saint Louis 2017}) 14... Ba3 15. Rb1 Bb4 16. Nd2 cxb3 17. axb3 {[#]} Qe7 ({Black should play} 17... Nd5 $1 $17 {[%cal Rd5c3][%mdl 512]} 18. Na2 (18. Nxd5 cxd5) 18... Nxf4 19. gxf4 Qh4 20. Nxb4 axb4) 18. Na2 $15 Ba3 19. Nc4 Rfd8 (19... Bxc4 $15 20. Qxc4 Rfd8) 20. Nxa3 $11 Qxa3 21. b4 axb4 22. Nxb4 Bb5 23. Bd6 (23. Qd2 $11) 23... Ba4 24. Qc1 Qxc1 25. Rdxc1 c5 26. dxc5 bxc5 ({Better is} 26... Nxc5 $15 27. e5 Nfe4) 27. Na6 $36 {[%cal Ra6c5][%mdl 2048] White fights for an advantage.} c4 28. Bc7 Bb3 $2 (28... Rf8 $1 $11 {and Black stays safe.}) 29. Bxd8 $18 Rxd8 30. f4 ({White should try} 30. Nb4 $18) 30... e5 $14 31. Nb4 Re8 32. Nd5 exf4 33. Nxf6+ gxf6 34. gxf4 Nc5 35. Rxb3 Nxb3 36. Rxc4 {[%mdl 4096] Endgame KRB-KRN} Rd8 37. Kf2 Rd2+ 38. Kg3 Nd4 39. Bf1 Kg7 40. Rc3 Re2 41. Rc7 Rxe4 42. Bc4 Re3+ 43. Kg2 Rc3 {aiming for ...Ne6!} 44. Rxf7+ Kg6 45. Rc7 {Hoping for Bf7+.} Kh6 {White must now prevent ...Nf5.} 46. Rc8 {[#]} Ne2 $1 {[%mdl 512]} 47. f5 (47. Bxe2 Rxc8) 47... Nd4 48. Be6 Rxc8 49. Bxc8 $15 {KB-KN} Kg5 50. Kg3 Nxf5+ 51. Kf3 Nh4+ 52. Kg3 Ng6 53. Ba6 f5 54. Bb5 h5 {[%cal Bh7h5,Bh5h4][%mdl 32]} 55. Ba6 h4+ 56. Kf3 Ne5+ 57. Kg2 Kg4 58. Bc8 Nd3 59. Bb7 Nf4+ 60. Kf2 Nh3+ 61. Kg2 Ng5 62. Ba6 Kf4 {Threatens to win with ...Ke3.} 63. Bc8 Ke4 {Strongly threatening ...f4.} 64. Kf2 $1 Kf4 65. Kg2 h3+ 66. Kg1 Nf3+ 67. Kh1 Ne5 68. Kg1 Ng4 69. Kh1 Ke4 70. Bxf5+ $2 {[%mdl 8192]} (70. Bd7 $11 {and White is okay.}) 70... Kxf5 $11 {KN-KP. Black has a decisive advantage.} 71. Kg1 Kf4 72. Kh1 Nf2+ 73. Kg1 Kf3 74. Kf1 Ne4 75. Kg1 Nc3 76. Kh1 Ne2 $2 {Precision: White = 49%, Black = 55%.} (76... Nb1 77. Kg1 Nd2) 1/2-1/2